Government in wartime Europe.

Bibliographic Details
Main Author: Zink, Harold, 1901-1962
Other Authors: Cole, Taylor, 1905-1991
Format: Book
Language:English
Published: New York : Reynal & Hitchcock, [1941]
Subjects:

MARC

Tag First Indicator Second Indicator Subfields
LEADER 00000cam a2200000 4500
001 in00000066067
005 20151008051242.0
008 721127s1941 nyu b 00000 eng u
010 |a  41010093  
035 |a (OCoLC)00501579 
035 |9 AAG6769AM 
040 |c WSU  |d TXA  |d UtOrBLW 
049 |a TXAM  |c 1 [101936] 
050 0 |a JF51  |b .Z4 1941 
092 |a 342.4  |b Z78g 
100 1 |a Zink, Harold,  |d 1901-1962. 
245 1 0 |a Government in wartime Europe. 
264 1 |a New York :  |b Reynal & Hitchcock,  |c [1941] 
264 4 |c [©1941] 
300 |a 249 pages ;  |c 22 cm. 
336 |a text  |b txt  |2 rdacontent 
337 |a unmediated  |b n  |2 rdamedia 
338 |a volume  |b nc  |2 rdacarrier 
504 |a Bibliographical matter included in "Notes," pages 221-239. 
651 0 |a Europe  |x Politics and government  |y 1918-1945. 
700 1 |a Cole, Taylor,  |d 1905-1991. 
999 |a MARS 
999 f f |s ee2c43bb-3da6-3280-8bb3-051d41cd457a  |i 278f1aac-4a40-3e67-8616-a35fb91b43ec  |t 0 
952 f f |p ric  |a Texas A&M University  |b Rellis Campus  |c Joint Library Facility  |d Remote Storage  |t 0  |e JF51 .Z4 1941  |h Library of Congress classification  |i unmediated -- volume  |m A14800786302 
998 f f |a JF51 .Z4 1941  |t 0  |l Remote Storage